000 00778nam a2200253Ia 4500
003 OSt
005 20220928102626.0
006 a|||||r|||| 00| 0
007 ta
008 220927b |||||||| |||| 00| 0 eng d
020 _cINR 1895.00
024 _a143952
037 _b018, 10/02/2021, Classic Book Service
_cTextual
040 _aSDCL
_cSDCL
_beng
041 _2eng
_aeng
082 _aY15:4582, R0
100 _aMcLain Robert
_9399442
245 0 _aGender and violence in British India
_b The road to Amritsar,1914-1919
260 _aNew York
_b Palgrave Macmillan
_c2020
300 _a170p.
_ccm.
650 _aHistory
942 _hY15:4582, R0
_cTEXL
_2CC
999 _c715299
_d715299